=LDR 00000nam 2200000 4500 =001 INLIS000000000028036 =005 20130612130353 =008 ***********************************Ind** =035 ##$$0010-061300000028036 =041 ##$$a Ind =082 ##$$a 621.1 =090 ##$$a 621.1, Jok k =100 ##$$a Jokosetyarjo, MJ =245 ##$$a Ketel uap, MJ. Jokosetyarjo =260 ##$$a 2006 $b Jakarta =300 ##$$a xii, 348 hlm, ilus, 24 cm =650 ##$$a Ketel Uap =850 ##$$a NBPNMAT =990 ##$$a 0001/BPAP-NTB/20142014 =990 ##$$a 0001/BPAP-NTB/20142015 =990 ##$$a 0280/BPAP-NTB/2015